00523nam a2200193Ia 4500008004100000041001200041082001200053100004500065245004100110260003300151300000800184365000700192520001200199546001200211630004100223650001200264655001200276730004100288101110s9999 xx 000 0 und d aENGLISH bSR34317 aBangui P.S., Phatak V.V. & Shroff Adarsh aHandbook of physics practicals FYBSC c2010bSheth publisher,Mumbai a144 b75 aPhysics aENGLISH aHandbook of physics practicals FYBSC aPhysics aPhysics aHandbook of physics practicals FYBSC